Bramkarze Juventusu FC w XXI wieku - Statystyki

Ogólne statystyki
  • Ten quiz został rozwiązany 281 razy
    60 od ostatniego zresetowania
  • Średni wynik to 6 z 14
Statystyki odpowiedzi
Lata gry Narodowość Nazwisko % Poprawnych
2017-2024 Polska Wojciech Szczęsny
100%
2001-2018 2019-2021 Włochy Gianluigi Buffon
98%
2018- Włochy Mattia Perin
77%
2024- Włochy Michele Di Gregorio
70%
1999-2001 Holandia Edwin van der Sar
60%
2015-2017 Brazylia Neto
46%
2017- Włochy Carlo Pinsoglio
40%
2008-2012 Austria Alexander Manninger
28%
2014-2017 Indonezja Emil Audero
21%
2005-2006 Włochy Christian Abbiati
18%
2010-2015 Włochy Marco Storari
14%
2012-2016 Brazylia Rubinho
9%
2002-2005 2008-2010 Włochy Antonio Chimenti
7%
2007-2008 Włochy Emanuele Belardi
7%
Nie znaleziono quizów pasujących do podanych kryteriów
Rozkład punktacji
Procent ludzi z każdym wynikiem
Percentyl według liczby udzielonych odpowiedzi
Twoja historia wyników
Nie rozwiązałeś tego quizu od ostatniego zresetowania